000 00745nam a2200205Ii 4500
003 JO-AjNU
008 230605s9999||||xx |||||||||||||| ||und||
040 _aJO-AjNU
_bara
_erda
_cJO-AjNU
041 _aara
050 1 4 _aLB1775 .A8742 2005
100 3 _aالأسطل ، ابراهيم حامد تأليف/الخالدي ، فريال يونس م.مشارك,
_eauthor
_922364
245 0 0 _aمهنة التعليم و أدوار المعلم في مدرسة المستقبل
250 _aط1
264 3 1 _aالعين: دار الكتاب الجامعي ،2005
300 _a295ص
336 _atext
_btxt
_2rdacontent
337 _aunmediated
_bn
_2rdamedia
338 _avolume
_bnc
_2rdacarrier
650 4 _aالتدريس- مهنة
_922365
999 _aA7926
_c11494
_d11494